000 01116cam a22002774a 4500
005 20250909123826.0
020 _a9781418042783
020 _a1418042781
050 0 0 _aQP121
_b.D45
100 1 _aDes Jardins, Terry R.
245 1 0 _cTerry Des Jardins.
245 1 0 _aCardiopulmonary anatomy & physiology :
_bessentials for respiratory care /
250 _a5th ed.
260 _aClifton Park, NY :
_bThomson Delmar Learning,
_cc2008.
300 _axxvii, 628 p. :
_bill. (chiefly col.) ;
_c26 cm. +
_e1 CD-ROM (4 3/4 in.)
500 _aIncludes index.
505 _aSec. 1. The Cardiopulmonary system - Essentials Sec. 2. Advanced cardiopulmonary concepts and related areas- the Essentials Sec. 3The cardiopulmonary system during unusual environmental condition
650 0 _aCardiopulmonary system
_xPhysiology.
650 0 _aCardiopulmonary system
_xAnatomy.
650 0 _aRespiratory therapy.
650 1 2 _aRespiratory Physiology.
650 1 2 _aRespiratory System
_xanatomy & histology.
650 2 2 _aCardiovascular Physiology.
650 2 2 _aCardiovascular System
_xanatomy & histology.
942 _cBK
999 _c8492
_d8492